| 000 | 00490nam a22001697a 4500 | ||
|---|---|---|---|
| 003 | OSt | ||
| 005 | 20140310181751.0 | ||
| 008 | 130627t xxu||||| |||| 00| 0 eng d | ||
| 050 |
_aDS 689 _b.C822 1996 |
||
| 082 |
_2FIL 307.76 _bCo81 1996 |
||
| 100 | _aCorpuz, Jaime Salvador | ||
| 245 |
_aIsang kasaysayan. isang marilaw / _cJaime Salvador Corpuz. |
||
| 260 |
_aQuezon City : _bKayumanggi Press, _c1996. |
||
| 300 |
_a400 p. ; _bill. col. ; _c31 cm. |
||
| 562 | _e1 | ||
| 942 |
_2lcc _cBK _kFIL |
||
| 999 |
_c3202 _d3202 |
||